| 000 | 00466nam a2200181Ia 4500 | ||
|---|---|---|---|
| 008 | 090124s9999 xx 000 0 und d | ||
| 082 | _b8422 | ||
| 100 | _aJHABVALA RUTH PRAWER | ||
| 245 | _aHOW I BECAME A HOLY MOTHER | ||
| 250 | _a0 | ||
| 260 |
_bJOHN MURRAY _c1976 |
||
| 300 | _a203 | ||
| 600 | _aJHABVALA RUTH PRAWER | ||
| 630 | _aHOW I BECAME A HOLY MOTHER | ||
| 700 | _aJHABVALA RUTH PRAWER | ||
| 730 | _aHOW I BECAME A HOLY MOTHER | ||
| 942 | _cBOOK | ||
| 999 |
_c85763 _d85763 |
||